000 00611nam a2200181Ia 4500
005 20250508154116.0
008 008 250505s9999 xx 000 0 eng d
037 _aReference
040 _aFEDL
_beng
_cFEDL
041 _aeng
_2eng
084 _a001.4, AME
_qFEDL
100 _aGage N L Ed.
245 0 _aHandbook of research on teaching: A project of the American educational research association: A department of the national education association
260 _aChicago USA
_bRand McNally and Company
_c1963
300 _aix,1218p
942 _cREF
_h001.4, AME
999 _c1347693
_d1347693